| 000 | 00471nam a22001337a 4500 | ||
|---|---|---|---|
| 003 | SGT | ||
| 020 | _a9789390971282 | ||
| 082 |
_a301.2 _bU21T |
||
| 100 | _a तिवारी, अंशुमान | ||
| 245 | _aउलटी गिनती : मंदी और महामारी की दोहरी मार से कैसे उभरेगा भारत | ||
| 260 |
_bराजकमल प्रकाशन _c2021 |
||
| 300 | _a284 | ||
| 942 |
_2ddc _cBK |
||
| 999 |
_c29567 _d29567 |
||